LEADER 00873nam a2200253 i 4500 001 000000149253 003 CaOOAMICUS 005 20060329000000.0 008 060329s1982 it u000 u ita u 013 $a126573 040 $aSeMil$bita 100 1 $aMontefoschi, Giorgio,$d<1946->.$0(OLS)http://semarc/name/28556 245 13$aLa felicità coniugale /$cGiorgio Montefoschi. 260 $aMilano :$bRizzoli,$c1982. 300 $a278 p. ;$c23 cm. 490 0 $aLa scala 500 $aFondo Ciprandi. 830 3$aLa scala.$0(OLS)http://semarc/title/7359 850 $aSeMil 852 $aSeMil$W1$xVenegono$y1$m1D VI 131$j101548$B101548$CSeMilBibl$Z2$F110154 $81 941 1 $a1 961 $aOmaggio: Ciprandi dott. Paolo 996 $6245$aLa felicità coniugale$9(OLS)http://semarc/title/218205 996 $6260$aMilano :$bRizzoli$9(OLS)http://semarc/publisher/29824 LEADER 00687nam a2200169 i 4500 001 000000228986 003 CaOOAMICUS 005 20140422000000.0 008 140422s1897 it u000 u fre u 013 $a207888 040 $aSeMil$bita 245 10$a3. 300 $aVIII, 366 p. 773 0 $aLiévin de Hamme$tGuide-indicateur des sanctuaires et lieux historiques de la Terre-Sainte.$b4. édition revue, augmentée et enrichie de vues, de cartes et de plans nouveaux.$dJérusalem : Imprimerie des PP. Franciscains, 1897.$g3$w()24632 850 $aSeMil 852 $aSeMil$W1$xVenegono$y1$m2Z I 16 FA$j179332$B179332$CSeMilBibl$Z2$F190436 $8I 996 $6245$a3$9(OLS)http://semarc/title/47129